Score 0/33 Timer 03:00
2 Plays Today
% Correct
the
97.8%
the
97.8%
the
97.8%
the
97.8%
the
97.8%
In
91.8%
are
83.3%
are
83.3%
justice
82.2%
criminal
81.5%
system,
80.2%
and
75%
their
74.2%
These
73.9%
stories.
73.8%
police,
69.4%
who
65.8%
% Correct
who
65.8%
crime,
62.9%
two
61.1%
prosecute
58.3%
people
56%
attorneys,
53.3%
district
52.1%
by
51%
investigate
50.3%
represented
44.8%
offenders.
43.8%
separate
42.2%
equally
41.4%
important
41.1%
groups:
40%
yet
37.4%
Remove Ads.
Support Sporcle.
Get the best of Sporcle when you Go Orange. This ad-free experience offers more features, more stats, and more fun while also helping to support Sporcle. Thank you for becoming a member.

You're not logged in!

Compare scores with friends on all Sporcle quizzes.
OR
Log In

Show Comments

Extras

Top Quizzes Today


Score Distribution

Your Account Isn't Verified!

In order to create a playlist on Sporcle, you need to verify the email address you used during registration. Go to your Sporcle Settings to finish the process.

Report this User

Report this user for behavior that violates our Community Guidelines.

Details: